| 000 | 00295nam a22001097a 4500 | ||
|---|---|---|---|
| 082 |
_aCP-68 _bCE-310 |
||
| 100 |
_aMuhammad Safdar, Maj _951282 |
||
| 245 | _aPlain and reinforced concrete II | ||
| 260 |
_aRisalpur, _bMCE, _cFall semester 2015. |
||
| 526 |
_a0 _b0 _c0 _dCP_68_CE310 |
||
| 942 |
_2ddc _cBKB |
||
| 999 |
_c554007 _d554007 |
||